|
|
|
|
| LEADER |
00000nam a2200000 a 4500 |
| 001 |
vtls001362135 |
| 003 |
SK-MaSNL |
| 005 |
20260302000333.0 |
| 008 |
240226s1998 xo gp r yy slo |
| 015 |
|
|
|a SNBA1999/08-02815
|
| 020 |
|
|
|a 8088824400
|
| 035 |
|
|
|a SNK000315726
|
| 035 |
|
|
|a urn:nbn:sk:snk-amkje7
|
| 035 |
|
|
|a urn:nbn:sk:snk-am003udk
|
| 035 |
|
|
|a 58808A64-D365-465B-BF15-7FCB66E8E23F
|
| 040 |
|
|
|a SNK
|b slo
|c SNK
|e AACR2
|
| 041 |
0 |
|
|a slo
|
| 044 |
|
|
|a xo
|c SK
|
| 080 |
|
|
|a 61(035)
|2 1981
|
| 245 |
0 |
0 |
|a Vademecum medici
|
| 250 |
|
|
|a 5. nezm. vyd.
|
| 260 |
|
|
|a Martin
|b Osveta
|c c1998
|
| 300 |
|
|
|a 1824 s.
|b sch., tab.
|c 21 cm
|
| 500 |
|
|
|a Aut. a zost. kol.
|
| 504 |
|
|
|a Zoz. tab. Reg.
|
| 650 |
0 |
7 |
|a medicína praktická
|x príručky
|2 SNK
|9 634761
|
| 655 |
|
7 |
|a príručky
|2 SNK
|9 74364
|
| 919 |
|
|
|a 80-88824-40-0
|
| 958 |
|
|
|a TL
|
| 999 |
|
|
|c 979110
|d 981040
|
| 952 |
|
|
|t P60, <03>, [BOOK], {603}
|a SNK
|b SNK
|y PREZ
|7 0
|p 17A0192158
|o snkSC 98615
|i snkKSP 5194/99
|0 0
|1 0
|4 0
|d 1999-05-03
|f 1
|l 0
|r 2025-09-18 00:00:00
|w 2026-02-24
|
| 952 |
|
|
|t P60, <04>, [BOOK], {604}
|a SNK
|b SNK
|y VYP
|7 0
|p 17A0192159
|o snkSC 98615 D1
|i snkKSP 5195/99
|0 0
|1 0
|4 0
|d 1999-05-03
|l 0
|r 2005-01-02 00:00:00
|w 2026-02-24
|